000 01223cam a2200253 4500
001 ABS68270
008 040907n2004 000 0 eng u
035 _a(Sirsi) u127286
100 _aHiggins, M.
245 _aFSA's net widens
260 _c2004
490 _aJournal of the Law Society of Scotland
_v49(8) August 2004, 64-65(2)
520 _aThe Financial Services Authority (FSA) will take responsibility for regulating arrears and repossessions, including mortgage shortfalls from 31 October 2004. Rules governing arrears and repossessions are laid down in the FSA's "Mortgage: conduct of business part 13" which may be viewed online at www.fsa.gov.uk. Discusses the responsibilities of mortgagees in marketing and disposing of a repossessed property including obtaining the best price.
590 _aABS
590 _aABS
650 _aFINANCIAL SERVICES AUTHORITY
650 _aMORTGAGE REGULATION
650 _aREPOSSESSIONS
650 _aMORTGAGE ARREARS
690 _aPROFESSIONAL PRACTICE
856 _uhttps://www.fsa.gov.uk/vhb/html/MCOB/MCOB13.1.html
_vView on the FSA website...
856 _uhttps://www.fsa.gov.uk/vhb/html/MCOB/MCOB13.1.html
_vView on the FSA website...
942 _n0
999 _c117967
_d117967